|
|
|
|
| LEADER |
00000cam a2200000 a 4500 |
| 001 |
vtls001443679 |
| 003 |
SK-MaSNL |
| 005 |
20260301202957.0 |
| 008 |
180810s1744 xo 0 slo |
| 015 |
|
|
|a SNBHFA
|
| 035 |
|
|
|a SNK000398904
|
| 040 |
|
|
|a SNK
|b slo
|c SNK
|e AACR2
|
| 041 |
0 |
|
|a slo
|
| 044 |
|
|
|a xo
|c SK
|
| 072 |
|
7 |
|a 2-23/-27
|x Biblia. Biblistika
|2 konspekt
|
| 080 |
|
|
|a 2-27
|2 2011
|
| 080 |
|
|
|a 27-27
|2 2011
|
| 100 |
1 |
|
|a Sartorius, Daniel,
|d 1704-1767
|4 aut
|9 330493
|
| 245 |
1 |
0 |
|a Diarium Biblicum
|b We Gménu Páně! ... aneb Historye Biblické Starého y Nového Zákona, wedlé Počtu Dnů celého Roku wybrané, a napořád trogjm summownjm Včenjm a rytmownjm Přemysslowánjm wyswetlené, gak K Rozssjřenj Sláwy Boha Neywyšssjho, tak Mládeži Křesťanské a Lidu sprostěgssjmu k vzitečnému wzdělánj, s wěrnau bedliwostj sepsané, a S Přjdawkem Hystorye o konečné Zkáze Města Geruzaléma, na swětlo wydané.
|
| 260 |
|
|
|a [Bratislava]
|b [Royer ded.]
|c Wytisstěné Léta Páně 1744
|
| 300 |
|
|
|a 996 s.
|c 8°
|
| 500 |
|
|
|a Merirytinový frontispice, červeno-čierna tlač titulnej strany, vinety, živé záhlavie, zložky, kustody
|
| 510 |
0 |
|
|a Bibliografia 18. storočia
|c 8347
|
| 546 |
|
|
|a Slovakizovaná čeština
|
| 650 |
0 |
7 |
|a biblistika
|2 SNKPH
|9 1798
|
| 650 |
0 |
7 |
|a biblická teológia
|2 SNKPH
|9 1799
|
| 752 |
|
|
|a Slovensko
|d Bratislava
|
| 852 |
|
|
|a snk
|p SD 104
|
| 958 |
|
|
|a ONDV
|
| 958 |
|
|
|a DD
|
| 999 |
|
|
|c 900913
|d 902843
|
| 952 |
|
|
|a SNK
|b SNK
|y PREZ
|7 0
|p 17A0830056
|o snkSD 104
|i snk165/27
|0 0
|1 0
|4 0
|d 2013-05-22
|l 0
|r 2025-10-15 00:00:00
|w 2026-02-24
|
| 952 |
|
|
|a SNK
|b SNK
|y PREZ
|7 0
|p 17A0362825
|o snkSD 104 D1
|0 0
|1 0
|4 0
|d 2002-11-06
|l 0
|r 2005-01-02 00:00:00
|w 2026-02-24
|